Principles and Practice of Structural Equation Modeling

Na minha lista:
Detalhes bibliográficos
Autor principal: Kline, Rex B.
Formato: Livro
Idioma:inglês
Publicado em: New York <The> Guilford Press 2016
Edição:4th Edition
Colecção:Methodology in the Social Sciences
Assuntos:
Tags: Adicionar Tag
Sem tags, seja o primeiro a adicionar uma tag!

MARC

LEADER 00000nam a2200000 4500
001 0269802
005 20240306140414.5
020 |a 978-1-4625-2334-4 
020 |a 978-1-4625-2335-1 
041 0 |a eng 
044 |a US 
245 1 0 |a Principles and Practice of Structural Equation Modeling  |c Rex B. Kline 
250 |a 4th Edition 
264 1 |a New York  |b <The> Guilford Press  |c 2016 
300 |a 534 s. 
490 1 |a Methodology in the Social Sciences 
830 0 |a Methodology in the Social Sciences 
610 2 0 |a štatistika 
610 2 0 |a metódy štatistické 
610 2 0 |a modelovanie 
610 2 0 |a modelovanie matematické 
100 1 |a Kline, Rex B.